[Event "Kalamaria Open"]
[Site "Thessaloniki GRE"]
[Date "2007.08.27"]
[Round "4"]
[White "Kotronias, V."]
[Black "Moradiabadi, E."]
[Result "1-0"]
[WhiteElo "2612"]
[BlackElo "2540"]
[PlyCount "107"]
[EventDate "2007.08.25"]
[Source "www.chesslib.no"]
[SourceDate "2004.05.04"]

1. e4 c5 2. Nf3 d6 3. d4 cxd4 4. Nxd4 Nf6 5. Nc3 g6 6. Be3 Bg7 7. f3 Nc6 8. Qd2 O-O 9. Bc4 Bd7 10. O-O-O Rc8 11. Bb3 Nxd4 12. Bxd4 b5 13. Nd5 Nxd5 14. Bxg7 Kxg7 15. exd5 a5 16. a3 b4 17. axb4 axb4 18. Qxb4 Kg8 19. Rhe1 Re8 20. Rd4 Rc5 21. Kd1 Qa8 22. Qd2 Qa1+ 23. Qc1 Qa6 24. Rb4 Bf5 25. c3 Ra5 26. Bc4 Qa8 27. Qe3 e5 28. Ke2 Ra4 29. Rxa4 Qxa4 30. b3 Qa3 31. Bb5 Rb8 32. c4 Bc2 33. Kf2 Bxb3 34. Re2 Ra8 35. f4 exf4 36. Qxf4 Qc5+ 37. Kg3 Rf8 38. Re7 Bc2 39. h4 h5 40. Qf6 Ba4 41. Bxa4 Qa3+ 42. Kh2 Qxa4 43. Rc7 Qb4 44. Qf4 Qe1 45. Rd7 Qe2 46. Rxd6 Rc8 47. Rd7 Qe8 48. Rb7 Rd8 49. d6 Qe6 50. c5 Qd5 51. Re7 Kg7 52. Qe5+ Qxe5+ 53. Rxe5 Kf6 54. Re3 1-0

[Event "III President's Cup"]
[Site "Baku AZE"]
[Date "2008.05.20"]
[Round "9.2"]
[White "Lastin, Alexander"]
[Black "Abbasov, Farid"]
[Result "1/2-1/2"]
[WhiteElo "2622"]
[BlackElo "2528"]
[PlyCount "57"]
[EventDate "2008.05.12"]
[Source "www.chesslib.no"]
[SourceDate "2004.05.04"]

1. e4 c5 2. Nf3 d6 3. d4 cxd4 4. Nxd4 Nf6 5. Nc3 g6 6. Be3 Bg7 7. f3 O-O 8. Qd2 Nc6 9. Bc4 Bd7 10. h4 Rc8 11. Bb3 h5 12. O-O-O Ne5 13. Bg5 Rc5 14. Kb1 Re8 15. Bh6 Nc4 16. Bxc4 Rxc4 17. Bxg7 Kxg7 18. Nd5 e5 19. Nxf6 Qxf6 20. Nb3 Re6 21. Qe2 Ra4 22. Nd2 Qf4 23. b3 Rd4 24. Nc4 Rxd1+ 25. Qxd1 Qf6 26. a4 Bc6 27. Qd2 Qd8 28. Ne3 Qf6 29. Nc4 1/2-1/2

[Event "Bertl von Massow Memorial 8895"]
[Site "Bertl von Massow Memorial 889"]
[Date "1988.??.??"]
[Round "?"]
[White "Oim, Tonu O"]
[Black "Nesis, Gennady Yefimovich"]
[Result "0-1"]
[WhiteElo "2555"]
[BlackElo "2595"]
[PlyCount "68"]
[EventDate "1988.??.??"]
[Source "www.chesslib.no"]
[SourceDate "2004.05.04"]

1. e4 c5 2. Nf3 d6 3. d4 cxd4 4. Nxd4 Nf6 5. Nc3 g6 6. f3 Bg7 7. Be3 O-O 8. Qd2 Nc6 9. Bc4 Bd7 10. O-O-O Ne5 11. Bb3 Rc8 12. Kb1 Nc4 13. Bxc4 Rxc4 14. g4 b5 15. Ndxb5 Qb8 16. Nd4 Rfc8 17. Ka1 Bxg4 18. fxg4 Nxe4 19. Nxe4 Rxc2 20. Rb1 Rxd2 21. Nxd2 e5 22. N4b3 f5 23. gxf5 gxf5 24. Rhg1 f4 25. Bf2 d5 26. Bh4 Kh8 27. Rbc1 e4 28. Rxc8+ Qxc8 29. Rc1 Qg4 30. Be7 e3 31. Nf3 h6 32. Nbd4 Bxd4 33. Nxd4 f3 34. Bf6+ Kg8 0-1